000 00686ntaaa2200265 4500
003 01
005 20251027203155.0
008 0714s1973 ag 01
020 _a9879031083
040 _aAR-BaBN
_bspa
_cAR-BaBN
_eaacr
_dRIC
082 _a930 C87c
100 _aCroatto, J. Severino
_9574
245 _aLas culturas del Antiguo Proximo Oriente
250 _a1 ed
260 _aBuenos Aires :
_bISEDET,
_c1994
300 _a268 p ;
_c28 cm; ils
650 _aCIVILIZACION ANTIGUA
_933254
650 _aMESOPOTAMIA
_933255
650 _aEGIPTO
_921930
650 _aASIRIA
_933256
650 _aSIRIA
_930475
650 _aPERSIA
_930472
650 _aGRECIA
_924538
942 _cBK
999 _c27204
_d27204